[Event "Staufer op 17th"]
[White "Zude, Arno"]
[Black "Frey, Bernd Juergen"]
[Site "Schwaebisch Gmuend"]
[Round "4"]
[Result "1-0"]
[Date "2005.01.03"]
[WhiteElo "2398"]
[BlackElo "2139"]
[PlyCount "75"]
[EventDate "2005.01.??"]
[EventType "swiss"]
[EventRounds "9"]
[EventCountry "GER"]
[SourceTitle "EXT 2008"]
[Source "ChessBase"]
[SourceDate "2007.11.25"]
[SourceVersion "1"]
[SourceVersionDate "2007.11.25"]
[SourceQuality "1"]

1. e4 c6 2. d4 d5 3. exd5 cxd5 4. c4 Nf6 5. Nc3 Nc6 6. Nf3 Bg4 7. cxd5 Nxd5 8. Qb3 Bxf3 9. gxf3 e6 10. Qxb7 Nxd4 11. Bb5+ Nxb5 12. Qxb5+ Qd7 13. Nxd5 exd5 14. Qxd7+ Kxd7 15. Be3 Bb4+ 16. Ke2 Rhc8 17. Rac1 a5 18. Kd3 Be7 19. Rxc8 Rxc8 20. Rc1 Rb8 21. b3 a4 22. bxa4 Ra8 23. Bb6 Rxa4 24. Rc7+ Ke6 25. Ra7 Rc4 26. a4 Bf6 27. a5 Rc3+ 28. Kd2 Rxf3 29. a6 Ra3 30. Ra8 Ra2+ 31. Kd1 Kd7 32. a7 Kc6 33. Rb8 d4 34. f4 h6 35. h3 h5 36. Kc1 d3 37. Be3 d2+ 38. Kd1 1-0

[Event "Oberliga NRW 0001 II"]
[White "Lehmann, Holger"]
[Black "Frey, Bernd Juergen"]
[Site "NRW"]
[Round "1.7"]
[Result "0-1"]
[Date "2000.09.24"]
[WhiteElo "2227"]
[BlackElo "2171"]
[PlyCount "96"]
[EventDate "2000.09.24"]
[EventType "team-tourn"]
[EventRounds "9"]
[EventCountry "GER"]
[SourceTitle "EXT 2006"]
[Source "ChessBase"]
[SourceDate "2005.11.24"]
[SourceVersion "1"]
[SourceVersionDate "2005.11.24"]
[SourceQuality "1"]
[WhiteTeam "Emsdetten Turm"]
[BlackTeam "Koeln SF"]
[WhiteTeamCountry "GER"]
[BlackTeamCountry "GER"]

1. c4 d6 2. Nc3 g6 3. d4 Bg7 4. e4 Nc6 5. Be3 e5 6. d5 Nce7 7. c5 f5 8. cxd6 cxd6 9. Bb5+ Kf7 10. f3 Nf6 11. Nge2 a6 12. Bd3 b5 13. b4 f4 14. Bf2 g5 15. a4 bxa4 16. Rxa4 g4 17. b5 a5 18. Nc1 Ng6 19. Nb3 g3 20. Bg1 Nh4 21. Qd2 gxh2 22. Rxh2 Nh5 23. Qf2 Bf6 24. Qb6 Rg8 25. Qxd8 Bxd8 26. Bf1 Bd7 27. Bf2 Ng3 28. Ra2 Rc8 29. Ne2 Bxb5 30. Bxg3 fxg3 31. Nxg3 a4 32. Bxb5 axb3 33. Ra7+ Kf8 34. Nf5 Nxf5 35. exf5 Rg7 36. Rxg7 Kxg7 37. Bd3 b2 38. f6+ Kxf6 39. Rh6+ Kg5 40. Rxd6 Ba5+ 41. Ke2 Rc1 42. Ra6 Bb4 43. Bxh7 e4 44. Rg6+ Kh5 45. g4+ Kh4 46. Rh6+ Kg3 47. Bxe4 Re1+ 48. Kd3 b1Q+ 0-1